[Event "Astrakhan FIDE GP"]
[Site "Astrakhan"]
[Date "2010.05.17"]
[Round "7"]
[White "Gashimov, Vugar"]
[Black "Svidler, Peter"]
[Result "1/2-1/2"]
[WhiteElo "2734"]
[BlackElo "2735"]
[Annotator "Marin,M"]
[PlyCount "123"]
[EventDate "2010.05.10"]
[EventType "tourn"]
[EventRounds "13"]
[EventCountry "RUS"]
[EventCategory "20"]
[SourceTitle "CBM 137"]
[Source "ChessBase"]
[SourceDate "2010.07.15"]
[SourceVersion "1"]
[SourceVersionDate "2010.07.15"]
[SourceQuality "1"]

1. e4 e5 2. Nf3 Nc6 3. Bb5 a6 4. Ba4 Nf6 5. O-O Be7 6. Re1 b5 7. Bb3 O-O 8. h3
d6 9. c3 Nb8 10. d4 Nbd7 11. Nbd2 Bb7 12. Bc2 Re8 13. Nf1 Bf8 14. Bg5 $5 {
An almost forgotten move, which enjoyed certain popularity in the '70s and the
'80s. Although the resulting structures are similar to those from the main
line of the Breyer system, the piece placement is slightly different. Although,
there are many tempting possibilities to open the centre with Black, most of
them connected with a certain amount of risk.} h6 15. Bh4 g6 ({With the bishop
on h4, weakening the d5-square with the standard} 15... c5 {leaves White with
pleasant play, although Black's defensive resources are rather high.} 16. dxe5
dxe5 17. N3h2 {The start of the standard kingside regrouping (Qf3, Ne3, Nhg4).}
Qc7 (17... Be7 18. Ne3 Nh7 (18... Nxe4 19. Bxe7 Qxe7 20. Nf5 Qe6 21. Qf3 Nd6
22. Qg4 g6 23. Nxd6 Qxd6 24. Rad1 Bd5 25. Be4 Nf6 26. Rxd5 Nxd5 27. Rd1 $16)
19. Bxe7 Rxe7 20. Nf5 Re6 21. a4 $14 {Romanishin,O (2485)-Gligoric,S (2575)/
Odessa 1975/MCD (1-0, 55)}) (17... Qb6 18. Qf3 Re6 19. Ne3 c4 20. Nhg4 Nxg4 21.
hxg4 Nf6 22. Rad1 $14 {Psakhis,L (2580)-Abramovic,B (2475)/Tallinn 1983/MCD (1/
2, 41)}) 18. Qf3 Re6 (18... Be7 19. Ne3 g6 20. Rad1 Rad8 21. Re2 Kg7 22. Red2
Nf8 23. Nhg4 $14 {Timman,J (2620)-Garcia Padron,J (2370)/Las Palmas 1981/MCD 
(1-0, 57)}) 19. Ne3 c4 20. Nhg4 Nxg4 21. hxg4 Rae8 22. Red1 Nc5 {This looks
like the most coherent and active display of black pieces. Suggestively, the
magician from Riga did not manage to find any weak spot in Black's setup.} 23.
Rd2 Rd6 24. Rad1 Ne6 25. Rxd6 Bxd6 26. a4 Bf8 27. axb5 axb5 28. Nd5 Bxd5 29.
Rxd5 {Apparently, White has made certain progress, by getting the bishop pair.
However, his pieces are temporarily not coordinated, allowing Black strong
counterplay.} Nf4 30. Rxb5 Rb8 {With the queen on f3 and the bishop on h4, the
b2-pawn is very weak.} 31. Ba4 Ra8 32. b3 cxb3 33. Bxb3 Ra1+ 34. Kh2 Rc1 $132 {
Tal,M (2615)-Smejkal,J (2615)/Biel 1976/IZT (1/2, 41)}) ({Black has two ways
of going for the e4-pawn. The first of them is} 15... g5 16. dxe5 $1 {An
important intermediate move, avoiding problems regarding the e4-pawn and
relying on the fact that the weakness of the f5-square will tell.} (16. Bg3
exd4 17. Qxd4 Bg7 $132) ({White's attacking chances are not too clear after} 
16. Nxg5 $6 hxg5 17. Bxg5 Be7 18. Ng3 Nh7 $13) 16... Nxe5 (16... dxe5 17. Bg3
$14 {[%csl Gf5][%cal Gf3d2,Gf1e3]}) 17. Bg3 Ned7 18. N3d2 {[%cal Gf1e3,Ge3f5] /
\Ne3} Bg7 19. Bh2 d5 20. e5 Ne4 21. Nf3 c5 22. Ne3 Nxe5 23. Nxe5 Bxe5 24. Bxe5
Rxe5 25. Qh5 $44 {Romanishin,O (2585)-Kraidman,Y (2445)/Hastings 1976/EXT 99 
(1-0, 48)}) ({Changing the move order has other drawbacks.} 15... exd4 16. cxd4
g5 17. Nxg5 $1 {Once Black has given up the control in the centre, this
sacrifice is much stronger than in the similar line above. The permanent
threat of e4-e5, with the activation of the c2-bishop, makes a big difference.}
hxg5 18. Bxg5 Bg7 (18... Be7 19. Ng3 Nh7 20. Bd2 Ndf8 21. Nf5 $40) 19. Ng3 c5
20. Nf5 Qc7 21. Re3 Bf8 22. Rg3 Kh8 23. Qf3 $18 {Kilkowski,M-Balthasar,A/
FRG-ch M1337 corr 1989/Corr 2000 (1-0, 26)}) 16. N1h2 (16. dxe5 dxe5 17. N3h2 (
17. N1h2 $5 {may transpose to the main game.}) 17... Bg7 18. Qf3 Nf8 (18... c5
19. Rad1 Qc7 20. Ne3 c4 21. Nhg4 $14 {Balashov,Y (2530)-Smejkal,J (2515)/
Trnava 1989/CBM 012 (1/2, 31)}) 19. Ng4 N8h7 20. Bb3 h5 21. Nxf6+ {1/2 Smirin,
I (2500)-Balashov,Y (2540)/Klaipeda 1988/CBM 011}) ({The attempt to set up
play in the centre and on the queenside does not seem to bother Black:} 16.
N3d2 Bg7 17. d5 c6 18. c4 Qc7 19. Ne3 Nb6 20. dxc6 Bxc6 21. cxb5 axb5 22. Qf3
Nfd7 23. Rad1 Qb7 24. a3 Nc5 25. Bf6 Nbd7 26. Bxg7 Kxg7 $13 {Sokolov,A (2595)
-Beliavsky,A (2645)/Belfort 1988/CBM 008 (1/2, 31)}) 16... Bg7 17. dxe5 $146 (
17. Qd2 $6 {finds Black better prepared for the opening of the centre.} exd4
18. cxd4 g5 19. Nxg5 hxg5 20. Qxg5 Nf8 21. Ng4 Nxg4 22. Qxg4 Qd7 23. Qg3 Ng6
$17 {Giuricza,G-Maia,J/BRA-ch7 f corr 1992/Corr 2000 (0-1, 33)}) 17... dxe5 18.
Ng4 {White has accelerated the knight transfer to g4, preventing the manoeuvre
...Nf8-h7 as in the game Smirin,I (2500)-Balashov,Y (2540)/Klaipeda 1988/CBM
011 above.} Qe7 19. Qd2 {Black is pinned and his h6-pawn is under attack. He
has to make some sort of concession in order to free himself.} g5 (19... Kh7 {
places the king on a vulnerable position.} 20. Bxf6 ({The calmer} 20. Rad1 Rad8
21. Qe3 $14 {also looks promising.}) 20... Nxf6 21. Ngxe5 Rad8 22. Qf4 Nh5 23.
Qxf7 Qxf7 24. Nxf7 Rd7 25. Bb3 Ree7 (25... c5 26. Rad1 $1 $16) 26. a4 Rxf7 27.
Bxf7 Rxf7 28. axb5 axb5 29. Ra7 $36) (19... h5 $6 20. Nh6+ Kh7 $2 21. Nxf7 $1
$18) 20. Nxf6+ Nxf6 21. Bg3 Nh5 {The f5-square has been chronically weakened,
but the g3-bishop is out of play, while the f3-knight needs several tempi in
order to get to e3-f5.} 22. a4 c5 (22... Nxg3 23. fxg3 c5 24. Nh2 c4 25. Ng4
Red8 26. Qe2 Bc6 27. axb5 axb5 28. Ne3 Bf8 29. Kh2 $13 {Black's kingside is
chronically weak and White has attacking chances in the position with opposite
bishops after Nd5, ...Bxd5 exd5. On the other hand, his queenside pawns would
be in danger in eny kind of ending, which makes the position double-edged.})
23. Nh2 c4 24. Nf1 Nf4 (24... Nxg3 $6 25. Nxg3 $14) 25. axb5 axb5 26. Rxa8 Rxa8
27. Rd1 Bf6 28. Ne3 {White has almost completed his regrouping, but Black will
manage to simplify to a dead drawn ending.} Rd8 29. Nf5 Qf8 30. Qe1 Bc8 $1 {
Preparing the exchange of the active knight.} 31. Rxd8 Bxd8 32. Bxf4 gxf4 33.
Qd1 Bxf5 34. exf5 Bf6 $1 {Blocking the f-pawn in order to avoid an attacking
attempt based on f5-f6. At the same time, Black prepares to fight for the open
file with ...Qd8.} 35. Be4 (35. Qd5 Qd8 36. Be4 (36. Qxb5 $2 Qd2 $40) 36...
Qxd5 37. Bxd5 Be7 38. Bc6 b4 39. Bd5 bxc3 40. bxc3 Ba3 41. Bxc4 Bb2 $11) 35...
Qc5 36. Kf1 Kf8 37. Qd5 Qxd5 38. Bxd5 $11 {Although White's position remains
more pleasant (and he even will win a pawn later on), the drawing margin is
quite wide in the opposite coloured bishops ending. Therefore, the evaluation
+/= does not make too much sense from a practical point of view.} Be7 39. Ke2
Kg7 40. Kf3 Kf6 41. Ke4 Bc5 42. Bc6 b4 43. f3 bxc3 44. bxc3 Bf2 45. Kd5 Kxf5
46. Kxc4 Ke6 47. Bd5+ Ke7 48. Kb5 f6 49. Kc6 h5 50. c4 h4 51. Bg8 Be3 52. Kd5
Bf2 53. c5 Kd7 54. Be6+ Kc7 55. Bf5 Be3 56. c6 Bf2 57. Be4 Be1 58. Ke6 Bf2 59.
Kxf6 Kd6 60. Kf5 Bg3 61. c7 Kxc7 62. Kxe5 1/2-1/2

[Event "Hoogeveen Essent Crown 10th"]
[Site "Hoogeveen"]
[Date "2006.10.26"]
[Round "4"]
[White "Topalov, Veselin"]
[Black "Mamedyarov, Shakhriyar"]
[Result "1-0"]
[WhiteElo "2813"]
[BlackElo "2728"]
[Annotator "Marin,M"]
[PlyCount "99"]
[EventDate "2006.10.22"]
[EventType "tourn"]
[EventRounds "6"]
[EventCountry "NED"]
[EventCategory "20"]
[SourceTitle "CBM 115"]
[Source "ChessBase"]
[SourceDate "2006.11.15"]
[SourceVersion "1"]
[SourceVersionDate "2006.11.15"]
[SourceQuality "1"]

1. e4 e5 2. Nf3 Nc6 3. Bb5 a6 4. Ba4 Nf6 5. O-O Be7 6. Re1 b5 7. Bb3 d6 8. c3
O-O 9. h3 Nb8 10. d4 Nbd7 11. Nbd2 Bb7 12. Bc2 Re8 13. a4 Bf8 14. Bd3 {Not
really a fashionable, but nonetheless an interesting line. By refraining from
the traditional transfer of the queen's knight to the kingside, White intends
to submit the opposite wing under pressure.} c6 15. Rb1 $5 $146 {This novelty
bears certain optical similarity with Topalov's 8.Rb1 from the 11th game of
the Elista-match. The essentian difference is that here White does not intend
to sustain the further advance of the b-pawn as it might look at first sight.
He just plays a generally useful move, preparing to exchange on b5 without
having to bother about the tension along the a-file and leaving the b3-square
available to the knight.} ({The usual continuation is} 15. b3 g6 16. Bb2 {
1-0 Morozevich,A (2743)-Sasikiran,K (2666)/Biel 2004/CBM 102/[Wedberg] (35)} (
16. Bf1 {1-0 Ponomariov,R (2722)-Sasikiran,K (2666)/Biel 2004/CBM 102/[Wedberg]
(62)})) (15. b4 {1-0 Sokolov,A (2554)-Bacrot,E (2645)/Aix les Bains 2003/CBM
097/[Wedberg] (49) is also occasionally played.}) ({Compared to the game
continuation,} 15. Qc2 {is supposed to have the drawback of defining the
queen's position too soon. At some moment, Black could create some latent
pressure by placing a rook on c8, although it is not entirely clear how the
opposition of the rook and bishop along the c-file could be used yet.} Rc8 (
15... Qb6 16. b3 g6 17. Bb2 Rac8 18. Rad1 Nh5 19. Bf1 c5 20. Qb1 Bg7 21. Qa1 {
1/2-1/2 Nunn,J (2620)-Portisch,L (2610)/Rotterdam 1989/CBM 013}) 16. axb5 axb5
17. b4 g6 18. Bb2 Nh5 19. g3 exd4 20. cxd4 d5 21. Bc3 Nb6 22. e5 Rc7 23. Nb3
Bc8 24. Kg2 Ng7 25. Nh2 h5 26. Nc5 Nc4 27. Nf3 Bf5 28. Bxf5 Nxf5 $13 {1/2-1/2
Short,N (2635)-Portisch,L (2605)/Wijk aan Zee 1990/CBM 017 (56)}) 15... Qc7 16.
Qc2 {Abstractly speaking, this move makes more sense now that the enemy queen
has also occupied the c-file.} g6 {The adherents of the Breyer system play
this move almost authomatically. And yet, anticipating a bit the further
course of events, there was no need to weaken the kingside dark squares when
the bishopis in fact needed to defend the a3-f8 diagonal.} ({Black could have
tried to take advantage of the slightly awkward placement of the white pieces
by means of} 16... c5 $5 17. axb5 (17. d5 c4 18. Bf1 Reb8 19. axb5 axb5 20. b3
cxb3 21. Rxb3 Ba6) 17... axb5 18. dxe5 $6 (18. Bxb5 $2 cxd4 $17) (18. dxc5 $142
Qxc5 $13) 18... Nxe5 19. Nxe5 (19. Bxb5 Nxf3+ 20. gxf3 {[%csl Ge4]} Re5 $44)
19... Rxe5 20. Bxb5 d5 21. f4 Re6 22. e5 c4 23. Nf3 Ne4 $44 {[%csl Gb5,Re4]})
17. axb5 axb5 18. dxe5 dxe5 19. Nb3 Reb8 20. c4 {After carrying out his plan,
White can count on a stable, though minimal, advantage. The pressure along the
c-file is more important than Black's counterplay along the b-file because the
b2-pawn is safely defended. Besides, the e4-pawn is easier to defend than the
e5-pawn.} bxc4 (20... b4 21. c5 $14 {[%csl Gb3]}) 21. Bxc4 Ba6 22. Nbd2 Nc5 ({
If Black maintains the tension with} 22... Bb5 {, White could do the same with}
23. b3) 23. Bxa6 {After this release of the tension from White's part, Black
will manage to regroup his knights in optimal way.} (23. b4 $5 Bxc4 (23... Ne6
$2 24. Bxe6 fxe6 25. Qc3 $16) (23... Ncd7 24. b5 $1 $16 {[%cal Yf3g5]} Bxb5 $2
25. Rxb5 cxb5 26. Bxf7+ $1 {[%csl Gc7]}) 24. Nxc4 Ncd7 25. Bd2 $14 {[%cal
Yc4a5]}) 23... Rxa6 24. Nc4 Nfd7 25. Rd1 Ne6 {[%csl Gd4]} 26. Be3 Raa8 $6 {
A somewhat mysterious and not very accurate move.} ({This was a good moment to
take full control of the d4-square with} 26... c5 {when} 27. Qd3 {[%csl Ga6,
Gd7] is not dangerous because of} Ra7 $132 {[%cal Ye6d4]}) 27. Qd2 $1 (27. Qc3
Rb5 $5) 27... Rd8 28. Qc3 c5 {Black plays this move under less favourable
circumstances now.} (28... f6 29. b4 $14) 29. Nfxe5 Bg7 30. f4 g5 31. g3 gxf4
32. gxf4 Nxe5 33. Nxe5 Bxe5 34. fxe5 $16 {White's extra-pawn ensures him the
better control over several central squares. Both kings are exposed, but the
bishop is a more dangerous attacking piece than the knight.} Kh8 35. Bf2 Qe7
36. Qf3 Rg8+ 37. Kh1 Rg6 38. Rd5 Rag8 39. Rg1 Rxg1+ 40. Bxg1 Rg6 41. Kh2 Kg7
42. Be3 c4 43. Rd6 Qc7 44. h4 Qa5 45. Rd5 Qe1 46. Kh3 Kf8 $6 (46... Kh8 $16)
47. Rd7 $1 {The exclamation mark is for Topalov's anticipation of the final
combination.} Rg3+ 48. Qxg3 Qh1+ 49. Kg4 Qxe4+ 50. Kh5 $3 (50. Kh5 $3 Ng7+ 51.
Qxg7+ Kxg7 52. Bh6+ Kg8 53. Rd8#) 1-0

[Event "Nalchik FIDE GP"]
[Site "Nalchik"]
[Date "2009.04.24"]
[Round "9"]
[White "Grischuk, Alexander"]
[Black "Kamsky, Gata"]
[Result "0-1"]
[WhiteElo "2748"]
[BlackElo "2720"]
[Annotator "Marin,M"]
[PlyCount "202"]
[EventDate "2009.04.15"]
[EventType "tourn"]
[EventRounds "13"]
[EventCountry "RUS"]
[EventCategory "19"]
[SourceTitle "CBM 130"]
[Source "ChessBase"]
[SourceDate "2009.05.20"]
[SourceVersion "1"]
[SourceVersionDate "2009.05.20"]
[SourceQuality "1"]

1. e4 e5 2. Nf3 Nc6 3. Bb5 a6 4. Ba4 Nf6 5. O-O Be7 6. Re1 b5 7. Bb3 d6 8. c3
O-O 9. h3 Nb8 10. d4 Nbd7 11. Nbd2 Bb7 12. Bc2 Re8 13. Nf1 Bf8 14. Ng3 g6 15.
a4 c5 16. d5 c4 17. Bg5 h6 18. Be3 Nc5 19. Qd2 h5 {It may seem that this move
slightly weakens the kingside, but practice has shown that this is the best
solution to the attack against the h6-pawn. At some point, the threat ...h4
may cause White some troubles.} (19... Kh7 {was tested twice during a
Candidates match. In the first encounter, Black played a model game, but then
White took revenge in a brilliant way.} 20. Nh2 $1 {The plan based on f4
underlines the drawbacks of Black's last move. The f7-square is vulnerable.} ({
In the first game of the match in which this variation came up, White played
the standard} 20. Ra3 {and was gradually outplayed.} Rb8 21. Rea1 Re7 22. R1a2
Rc7 23. axb5 axb5 24. Qd1 Nfd7 25. h4 Bc8 26. h5 Nf6 27. Nh2 Rcb7 28. Bd2 Bg7
29. Qe2 Ng8 30. Ra8 Bd7 31. R8a3 Bf6 32. Be3 Bg5 33. Nf3 Bxe3 34. Qxe3 Qb6 35.
Nd2 Nf6 36. Bd1 Kg7 37. Be2 Rc8 38. Ra1 Na4 39. Qxb6 Rxb6 40. R1a2 Nxh5 41.
Nxh5+ gxh5 42. Bxh5 f5 $15 {Remarkably, White could not defend this position
after adjournment in Spassky,B (2610)-Portisch,L (2625)/Geneve 1977/Candidates
(0-1, 67)}) 20... Bg7 21. Rf1 h5 ({A similar game continued with} 21... Rb8 22.
f3 Qe7 23. Rf2 Ng8 24. axb5 axb5 25. Raf1 Qh4 26. Ne2 Qe7 27. f4 exf4 28. Rxf4
Rf8 29. Nd4 $16 {Timoscenko,G (2505)-Zhukhovitsky,S (2200)/Beltsy 1977/MCD 
(1-0, 42)}) 22. f3 {[%cal Gf1f2,Ga1f1,Gf3f4]} Qe7 23. Bg5 Qf8 24. f4 $1 {
[%csl Gf8]} exf4 25. Rxf4 Nfd7 26. Raf1 Ne5 {Apparently, Black is doing fine,
with all his minor pieces on stable squares. However, his king is vulnerable...
} 27. Nxh5 $1 gxh5 28. Qe2 Qh8 29. Rh4 $18 {Spassky,B (2610)-Portisch,L (2625)/
Geneve 1977/Candidates (1-0, 40)}) 20. Bxc5 $5 {Until recently, this move
practically did not exist. Offering Black almost absolute stability on the
dark squares may look pointless, but there are certain strategic subtleties
involved.} (20. Bg5 Be7 {Inarkiev,E (2684)-Kamsky,G (2726)/Baku 2008/CBM 124/
[Marin,M] (0-1, 48)}) 20... dxc5 {Black's position looks absolutely fine. It
is not easy to suggest constructive pawn breaks for White. For instance, f2-f4
would leave the e5-square in Black's hands after ...exf4. Or of b2-b3, then ...
cxb3 followed by ...c4 would clear the c5-square for the black pieces. At the
same time, Black cannot display any form of activity easily. He has to keep
the h5- and c4-pawns well defended, while the a-file is likely to remain in
White's possesion. The main problem of coordination consists of the fact that
at least two of his pieces (the knight and the dark-squared bishop) compete
for the d6-square. The premature occupation of this square by either of these
pieces may cause problems. In pirnciple, the position may be just equal, but
Black has to permanently worry about White's far from obvious threats.} 21. Bd1
{[%csl Gc4,Gh5][%cal Gd1e2]} Rb8 {This move is a novelty at a high level (it
had been played in just one completely irrelevant game before), but in this
kind of position it is a new plan to be mentioned rather than a concrete new
move.} ({In the previous two games, Black hurried to transfer his knight to d6,
which left the c5-square vulnerable.} 21... Re7 22. Be2 Ne8 23. Qe3 (23. b3 $2
{is premature.} cxb3 24. axb5 axb5 25. Bxb5 Nd6 26. Qd3 Rxa1 27. Rxa1 {Motylev,
A (2632)-Ponomariov,R (2704)/Khanty Mansiysk 2005/CBM 111 (1/2, 29)} h4 $36 {
[%cal Gf7f5]} 28. Nxh4 $2 Rc7 $1 {[%cal Gd8h4,Gc5c4]} 29. Nf3 c4 $19) 23... Rc8
24. axb5 axb5 25. Ra7 Nd6 26. Rea1 Re8 27. Nf1 Qf6 28. N1d2 Qh8 29. Ng5 Bh6 30.
Qg3 Qf6 31. h4 Rb8 ({White's potential pressure is revealed in the variation} 
31... Qf4 $6 32. Qxf4 $1 exf4 33. Nxf7 $1 Kxf7 34. R1a6 Bf8 35. Rxd6 Bxd6 36.
Rxb7+ Be7 37. Rxb5 $16 {[%cal Ge2c4]}) 32. b3 $1 {After thorough preparation,
White carries out this standard pawn break.} cxb3 33. Nxb3 Rec8 ({Under the
given circumstances, the generally desirable} 33... c4 {is strongly met by} 34.
Nc5 $14) 34. c4 bxc4 {Black needs his knight to put pressure on e4 and defend
Bb7.} (34... b4 35. R7a5 $16) (34... Nxc4 35. Bxc4 bxc4 36. Na5 $16) 35. Na5 c3
36. Qxc3 $16 {Volokitin,A (2684)-Harikrishna,P (2679)/Dagomys 2008/CBM 124 
(1-0, 53). The queenside operation has left White with a strategic advantage.})
22. Qe3 Kh7 23. Nf1 Qc7 24. Ng5+ Kg8 25. Be2 Bc8 26. Ra2 {White continues
manoeuvring.} ({The plan based on b2-b3 is less effective after} 26. Nd2 Bd7
27. axb5 axb5 28. b3 cxb3 29. Nxb3 c4 $13 {[%cal Gf8c5]}) 26... Qb6 27. Nf3 Kh7
28. Ng5+ Kg8 29. axb5 axb5 30. Nd2 Bh6 31. Qg3 Nh7 32. Ndf3 Qf6 33. h4 Nf8 {
After having provoked h2-h4, the knight moves closer to d7, in order to keep
the e5- and c5-squares under observation, for the case of f2-f4 and b2-b3,
respectively.} 34. Ra7 Bd7 35. Rea1 Qd6 36. R7a6 Qe7 37. Ra7 Qd6 38. R7a6 Qe7
39. Nh2 Bc8 40. Ra7 Rb7 41. Ra8 Nd7 42. Nf1 Nb6 43. R8a5 Bd7 44. Ne3 Qf6 45.
Ra7 Reb8 46. R1a6 Be8 47. Rxb7 Rxb7 48. Bxh5 $5 {After a long manoeuvring
phase, Grischuk convinced himself of the fact that Kamsky was not going to
make any strategic concession and decided to change the character of the
position by scarificial means. He chose the h5-pawn as an object of interest,
since the c4-pawn was better defended.} (48. Bxc4 $2 Qf4 $1 (48... bxc4 49.
Nxc4 Bg7 {also looks safe for Black}) 49. Be2 Qxg3 50. fxg3 f6 $19) 48... gxh5
49. Nf5 {Getting this square for the knight surely is an acceptable reward for
the sacrificed material.} Bg7 ({Apparently, Black does not need to fear the
discovered checks.} 49... Bf8 {would make sense, keeping the e7-square well
defended. The position would remain balanced, because Black cannot display any
activity despite his material advantage.}) 50. d6 (50. Qf3 {[%cal Gf3h5] is
premature because of} Bd7 $1 {and White is under the threat of losing
stability.} 51. Nh6+ $5 Qxh6 52. Qxf7+ Kh8 53. Rxb6 Rxb6 54. Qxd7 {offers
White sufficient play for the sacrificed material, with a draw by perpetual as
the most probable result, but not more than that.}) 50... Nd7 $6 {Once the
bishop's access to d7 is denied, the h5-pawn gets into danger.} (50... Bf8 $5 {
may be better. After a neutral move such as} 51. Kh2 {Black could play} Nd7 {
already, because} 52. Qf3 {can be answered with} Qg6 {[%csl Ge7]}) (50... Bd7
$2 51. Ne7+ Kh8 52. Nd5 Nxd5 53. Ra8+ $18) 51. Qf3 $1 Bf8 52. Qxh5 $14 {
With two pawns for the piece and an active position, White has the better
chances.} Qg6 53. Qg4 f6 {He only needs to get out of the pin somehow.} 54.
Ne7+ $2 {Giving up this active knight annihilates White's initiative.} (54. Qd1
$1 $14 {[%csl Gb7][%cal Gd1d5] leaves White with a strong initiative.}) 54...
Bxe7 55. dxe7 {[%cal Ga6f6]} Rb6 $1 $17 {Black is simply a piece up.} 56. Rxb6
Nxb6 57. Qe6+ Kg7 58. Nf3 Na4 59. h5 Qxh5 60. g4 Qh3 61. Nxe5 Nxb2 62. Qc8 Qh8
63. Nd7 Nd3 64. Nf8 Qh4 65. Qxe8 Qxf2+ 66. Kh1 Qh4+ 67. Kg2 Qxg4+ 68. Kh2 Ne5 (
68... Nf4 $5 69. Ne6+ Qxe6 70. Qf8+ Kh7 71. Kg3 Nh5+ 72. Kf3 Ng7 $19) 69. Kh1
Nf3 70. Ne6+ Qxe6 71. Qf8+ Kh7 72. Kg2 Nh4+ 73. Kf2 Ng6 74. e8=Q Nxf8 75. Qxf8
b4 76. Qxc5 b3 77. Qc7+ Kg6 78. Qg3+ Kh5 79. Kf3 Qd7 80. Qg8 Qd3+ 81. Kf4 Qd2+
82. Kf3 Qxc3+ 83. Kf4 Qc1+ 84. Kf3 Qf1+ 85. Ke3 Kh4 $3 {[%cal Gh4h1] Excellent
judgement. Black anticipates the queen checks by migrating with the king
towards the safest zone, keeping his pawns defended for the time being.} 86.
Kd4 Qd3+ 87. Kc5 Qxe4 88. Qh8+ Kg5 89. Qg7+ Qg6 90. Qb7 Qd3 91. Qg2+ Kf5 92.
Qf2+ Ke6 93. Qg2 f5 94. Qg7 f4 95. Qg8+ Kf5 96. Qc8+ Kg5 97. Qg8+ Kh4 98. Qg2
f3 99. Qh2+ Kg4 100. Qg1+ Kf4 101. Qh2+ Ke3 0-1